000
00224 a2200097 4500
001
41404
100
_a
AH Kardar
245
_a
Memoirs of an all Rounder
260
_a
Lahore
_b
Progressive Publisher
_c
090
_c
25580
_d
25580
942
_a
NUST-CAE
_c
M
_c
17314
999
_c
276477
_d
276477